000 01063cpcaa2200277 4500
001 mm 79000121
003 DLC
005 20260227111628.0
008 790105|||||||||||| eng
010 _amm 79000121
040 _aDLC
_cDLC
_edacs
_dDLC
072 7 _aW
_2lcmd
100 1 _aBarnwell, Robert Woodward,
_d1801-1882.
245 0 0 _aRobert Woodward Barnwell correspondence,
_f1868.
300 _a1
_fitem.
506 0 _aOpen to research.
545 0 _aU.S. senator, U.S. representative, C.S.A. senator, from South Carolina, and educator.
546 _aCollection material in English.
580 _aForms part of: Miscellaneous Manuscripts collection.
656 7 _aEducators.
_2itoamc
656 7 _aRepresentatives, U.S. Congress
_zSouth Carolina.
_2itoamc
656 7 _aSenators, C.S.A. Congress
_zSouth Carolina.
_2itoamc
656 7 _aSenators, U.S. Congress
_zSouth Carolina.
_2itoamc
999 _c40129
_d40129